000 00991nas1a22002771i 4500
001 RU\NLR\INFOCOMM18\1000057137
005 20260406231140.0
035 _a(NLR Aleph) 002645809
090 _a3825998
_c3825998
100 _a20040112c1997 |||y0rusy50 ca
101 0 _arus
102 _aRU
110 _aayu||||0|y0
200 1 _aВестник потребительского движения
_fМеждунар. конфедерация о-в потребителей (КонфОП)
210 _aМ.
_cИнформ.-изд. фонд "СПРОС" КонфОП
_d1997-
712 0 2 _4570
_aМеждународная конфедерация обществ потребителей
_3RU\NLR\AUTH\889983561
_9462941
801 1 _aRU
_bInfoComm
_c20040112
801 0 _aRU
_bNLR
_gPSBO
852 _aNLR
_jП22/6995
942 _cJOURNAL
980 _aRUSPER